000 00390nam a22001457a 4500
005 20151130150225.0
008 151130b xxu||||| |||| 00| 0 eng d
040 _cPK-LaUMT
082 _aMSC 928.09549183
_bAHM-P
100 _aاحمد پراچہ
245 _aپرون شاکر
_cاحمد پراچہ
260 _aلاہور
_bعلم و عرفان
_c2003
300 _a281 ص
942 _cBK
999 _c79266
_d79266